[Event "Chennai AICF (Women)"]
[Site "Chennai"]
[Date "2024.03.20"]
[Round "4"]
[White "Enkhtuul, Altanulzii"]
[Black "Franco Valencia, Angela Maria"]
[Result "1/2-1/2"]
[WhiteElo "2195"]
[BlackElo "2095"]
[PlyCount "183"]
[EventDate "2024.03.18"]
[EventType "tourn"]
[EventRounds "11"]
[EventCountry "IND"]
[SourceTitle "CB13_2024"]
[SourceDate "2024.03.27"]
[SourceVersion "1"]
[SourceVersionDate "2024.03.27"]
[SourceQuality "1"]

1. d4 Nf6 2. Nf3 c5 3. d5 e6 4. Nc3 d6 5. e4 e5 6. Bb5+ Nbd7 7. a4 Be7 8. 0-0 a6 9. Bd3 Nf8 10. Nd2 Ng6 11. Nc4 0-0 12. Ne2 Bd7 13. a5 Bb5 14. Nb6 c4 15. Bxc4 Bxc4 16. Nxc4 Nxe4 17. Nb6 Rb8 18. b4 f5 19. f3 Nf6 20. c4 Nd7 21. Be3 f4 22. Nxd7 Qxd7 23. Bb6 Rbc8 24. Qd3 Bd8 25. Rfc1 Bxb6+ 26. axb6 e4 27. Qxe4 Rfe8 28. Qc2 Ne5 29. c5 dxc5 30. bxc5 Qxd5 31. Qa2 Qxa2 32. Rxa2 g5 33. Rd2 Red8 34. Rxd8+ Rxd8 35. Nc3 Kg7 36. Ne4 Kg6 37. Kf1 Rd7 38. Ke2 g4 39. fxg4 Re7 40. h3 Nxg4 41. hxg4 Rxe4+ 42. Kf3 Rb4 43. Rd1 Rc4 44. Rd6+ Kg5 45. Rd5+ Kg6 46. Rd7 Rxc5 47. Kxf4 Rb5 48. Rxb7 a5 49. Rb8 Kg7 50. Rb7+ Kg6 51. Ra7 Rxb6 52. Rxa5 Rc6 53. Rg5+ Kf6 54. Rg8 Kf7 55. Ra8 Kg6 56. Kg3 Rb6 57. Kh4 Rc6 58. Rg8+ Kf7 59. Rg5 Rc1 60. Ra5 h6 61. g5 Rh1+ 62. Kg3 h5 63. Ra6 Kg7 64. Rh6 Kf7 65. Rf6+ Kg7 66. Ra6 Kf7 67. Kf2 Kg7 68. g3 Rh2+ 69. Kf3 h4 70. g4 Rh1 71. Kg2 Rc1 72. Kh3 Rh1+ 73. Kg2 Rc1 74. Rh6 Rc2+ 75. Kh3 Rc1 76. Rxh4 Rh1+ 77. Kg3 Rxh4 78. Kxh4 Kg6 79. Kg3 Kxg5 80. Kf3 Kg6 81. Kf4 Kf6 82. g5+ Kg6 83. Kg4 Kg7 84. Kh5 Kh7 85. g6+ Kg7 86. Kg5 Kg8 87. Kf6 Kf8 88. Kf5 Kg7 89. Kg5 Kg8 90. Kh6 Kh8 91. g7+ Kg8 92. Kg6 1/2-1/2

[Event "Qingdao SCO Teams 5th"]
[Site "Qingdao"]
[Date "2023.12.18"]
[Round "6.3"]
[White "Enkhtuul, Altanulzii"]
[Black "Antonova, Nadezhda"]
[Result "1-0"]
[WhiteElo "2195"]
[BlackElo "1945"]
[PlyCount "79"]
[EventDate "2023.12.17"]
[EventType "team-tourn (rapid)"]
[EventRounds "9"]
[EventCountry "CHN"]
[SourceTitle "CB52_2023"]
[SourceDate "2023.12.27"]
[SourceVersion "1"]
[SourceVersionDate "2023.12.27"]
[SourceQuality "1"]
[WhiteTeam "Mongolia"]
[BlackTeam "Tajikistan"]
[WhiteTeamCountry "MGL"]
[BlackTeamCountry "TJK"]

1. d4 d5 2. Nf3 e6 3. g3 Nf6 4. Bg2 h6 5. 0-0 Bd6 6. c4 0-0 7. Nbd2 b6 8. Qc2 Bb7 9. c5 Be7 10. b4 a5 11. b5 c6 12. a4 bxc5 13. dxc5 Nbd7 14. Ba3 Rc8 15. b6 Ra8 16. Rfc1 Ba6 17. e4 Qb8 18. Nd4 Rc8 19. N4b3 Ne5 20. Re1 Nd3 21. Re3 Nxf2 22. Rae1 N2g4 23. Rc3 dxe4 24. Nxe4 Nd5 25. Nxa5 Bd3 26. Rxd3 Rxa5 27. h3 Ne5 28. Rb3 Rxa4 29. Kh2 Rc4 30. Qf2 Ra4 31. Nd6 Bxd6 32. cxd6 Nc4 33. b7 Rd8 34. Bc5 Nxd6 35. Bxd6 Rxd6 36. Qc5 Rd7 37. Qxc6 Ra2 38. Qxd7 Kh7 39. Qxf7 Nf6 40. Qxe6 1-0

[Event "Qingdao SCO Teams 5th"]
[Site "Qingdao"]
[Date "2023.12.18"]
[Round "9.3"]
[White "Sovetbekova, Nurai"]
[Black "Enkhtuul, Altanulzii"]
[Result "0-1"]
[WhiteElo "1936"]
[BlackElo "2195"]
[PlyCount "138"]
[EventDate "2023.12.17"]
[EventType "team-tourn (rapid)"]
[EventRounds "9"]
[EventCountry "CHN"]
[SourceTitle "CB52_2023"]
[SourceDate "2023.12.27"]
[SourceVersion "1"]
[SourceVersionDate "2023.12.27"]
[SourceQuality "1"]
[WhiteTeam "Kyrgyzstan"]
[BlackTeam "Mongolia"]
[WhiteTeamCountry "KGZ"]
[BlackTeamCountry "MGL"]

1. d4 Nf6 2. c4 e5 3. dxe5 Ng4 4. Nc3 Nxe5 5. Nf3 Nbc6 6. Nxe5 Nxe5 7. e3 d6 8. Be2 Be7 9. Nd5 0-0 10. 0-0 Be6 11. Bd2 c6 12. Nxe7+ Qxe7 13. Qc2 Qh4 14. f4 Bg4 15. fxe5 Bxe2 16. Rf4 Qe7 17. Bb4 c5 18. Qxe2 cxb4 19. exd6 Qxd6 20. Rd1 Qe6 21. Rfd4 Rae8 22. R1d3 h6 23. Qd2 Qc6 24. b3 a5 25. Rd5 b6 26. Rd6 Qc7 27. h3 Re5 28. Qf2 Re7 29. Qf5 Rxe3 30. Rd7 Qg3 31. Rxe3 Qxe3+ 32. Kh2 Qe2 33. Rb7 Qxa2 34. Qf3 a4 35. bxa4 Qxc4 36. Qf2 Qc5 37. Qxc5 bxc5 38. Rc7 Ra8 39. Rxc5 Rxa4 40. Rb5 Kf8 41. Rb7 g6 42. Kg3 Kg7 43. Rb6 Ra3+ 44. Kf4 Ra2 45. g3 Rb2 46. h4 h5 47. Ke4 b3 48. Kd5 Rb1 49. Kc4 b2 50. Kb3 Rg1 51. Kxb2 Rxg3 52. Kc2 Rg4 53. Kd3 Rxh4 54. Ke3 Rg4 55. Kf3 g5 56. Rb8 Rg1 57. Rb2 Kg6 58. Kf2 Rg4 59. Rb6+ f6 60. Kf3 Rf4+ 61. Kg3 h4+ 62. Kg2 g4 63. Rb3 Kg5 64. Rb5+ f5 65. Rb8 Ra4 66. Rb2 h3+ 67. Kh2 Kh4 68. Rb1 g3+ 69. Kh1 f4 0-1

[Event "Qingdao SCO Teams 5th"]
[Site "Qingdao"]
[Date "2023.12.17"]
[Round "4.3"]
[White "Enkhtuul, Altanulzii"]
[Black "Bodnaruk, Anastasia"]
[Result "0-1"]
[WhiteElo "2195"]
[BlackElo "2340"]
[PlyCount "112"]
[EventDate "2023.12.17"]
[EventType "team-tourn (rapid)"]
[EventRounds "9"]
[EventCountry "CHN"]
[SourceTitle "CB52_2023"]
[SourceDate "2023.12.27"]
[SourceVersion "1"]
[SourceVersionDate "2023.12.27"]
[SourceQuality "1"]
[WhiteTeam "Mongolia"]
[BlackTeam "Russia"]
[WhiteTeamCountry "MGL"]
[BlackTeamCountry "RUS"]

1. d4 Nf6 2. Nf3 g6 3. Bf4 Bg7 4. e3 d6 5. c3 0-0 6. Be2 Nfd7 7. Na3 e5 8. dxe5 Nxe5 9. 0-0 Nbc6 10. Nc2 Nxf3+ 11. Bxf3 Ne5 12. Be2 f5 13. Nd4 Qe7 14. Bg3 Kh8 15. Re1 c6 16. Nf3 Be6 17. Nd4 Bg8 18. Bf1 d5 19. Rc1 Rad8 20. Qa4 c5 21. Nb3 b6 22. Nd2 Be6 23. Qc2 g5 24. f4 Ng6 25. Nf3 g4 26. Nd2 Qf7 27. c4 d4 28. e4 fxe4 29. Nxe4 h6 30. Nf2 Bc8 31. Nd3 Bf5 32. Qd2 h5 33. Ne5 Nxe5 34. fxe5 Qg6 35. Rcd1 Bh6 36. Bf4 Bxf4 37. Qxf4 Bc2 38. Qd2 Bxd1 39. Bd3 Qg7 40. Qxd1 Rde8 41. e6 Rf6 42. Re5 Rfxe6 43. Rxh5+ Rh6 44. Rf5 Qe7 45. Qxg4 Qe3+ 46. Kh1 Qxd3 47. h3 Qe3 48. Rf7 Qe1+ 49. Kh2 Qe5+ 50. Kh1 d3 51. Rf5 Qg7 52. Rg5 Qd4 53. Qd1 d2 54. Kh2 Re1 55. Qf3 Qg1+ 56. Kg3 Re3 0-1

[Event "Qingdao SCO Teams 5th"]
[Site "Qingdao"]
[Date "2023.12.17"]
[Round "5.3"]
[White "Sun, Fanghui"]
[Black "Enkhtuul, Altanulzii"]
[Result "1/2-1/2"]
[WhiteElo "2125"]
[BlackElo "2195"]
[PlyCount "72"]
[EventDate "2023.12.17"]
[EventType "team-tourn (rapid)"]
[EventRounds "9"]
[EventCountry "CHN"]
[SourceTitle "CB52_2023"]
[SourceDate "2023.12.27"]
[SourceVersion "1"]
[SourceVersionDate "2023.12.27"]
[SourceQuality "1"]
[WhiteTeam "China SCO"]
[BlackTeam "Mongolia"]
[WhiteTeamCountry "CHN"]
[BlackTeamCountry "MGL"]

1. e4 Nf6 2. e5 Nd5 3. c4 Nb6 4. d4 d6 5. exd6 exd6 6. Nc3 Nc6 7. Nf3 Be7 8. Be2 0-0 9. 0-0 Bg4 10. b3 Re8 11. Be3 Bf6 12. Rc1 d5 13. c5 Nc8 14. h3 Bxf3 15. Bxf3 N8e7 16. Qd3 g6 17. a3 a6 18. b4 Nf5 19. Nxd5 Bxd4 20. Bxd4 Nfxd4 21. Rcd1 Re5 22. Nc3 Qh4 23. Bxc6 Nxc6 24. f4 Ree8 25. Nd5 Rad8 26. Qc3 Re6 27. Nxc7 Rxd1 28. Rxd1 Re2 29. Rf1 Qd8 30. Qf3 Rd2 31. Nxa6 Rd3 32. Qe4 Rd4 33. Qf3 Rd3 34. Qe4 Rd4 35. Qf3 Rd3 36. Qe4 Rd4 1/2-1/2

[Event "Asian Games tt (Women)"]
[Site "Hangzhou"]
[Date "2023.09.30"]
[Round "2.11"]
[White "Enkhtuul, Altanulzii"]
[Black "Tan, Zhongyi"]
[Result "0-1"]
[WhiteElo "2231"]
[BlackElo "2517"]
[PlyCount "150"]
[EventDate "2023.09.29"]
[EventType "team-tourn"]
[EventRounds "9"]
[EventCountry "CHN"]
[SourceTitle "EXT 2024"]
[Source "ChessBase"]
[SourceDate "2023.10.10"]
[SourceVersion "1"]
[SourceVersionDate "2023.10.10"]
[SourceQuality "1"]
[WhiteTeam "Mongolia (W)"]
[BlackTeam "China (W)"]
[WhiteTeamCountry "MGL"]
[BlackTeamCountry "CHN"]

1. d4 d5 2. c4 e6 3. Nf3 Nf6 4. g3 Bb4+ 5. Bd2 Bd6 6. Nc3 0-0 7. Qc2 Nc6 8. c5 Be7 9. Bg2 b6 10. a3 bxc5 11. dxc5 e5 12. 0-0 e4 13. Ne1 Nd4 14. Qa4 Bxc5 15. Be3 Ne6 16. Bxc5 Nxc5 17. Qc6 Nb3 18. Qxa8 Nxa1 19. Qxa7 Be6 20. f3 Nb3 21. Nc2 exf3 22. Bxf3 d4 23. Rd1 c5 24. Nb5 Bf5 25. Na1 Qe8 26. Nd6 Qe3+ 27. Kg2 Bg4 28. Qb7 Nxa1 29. Rxa1 Bxf3+ 30. Qxf3 Qe6 31. Nb5 Nd5 32. h3 Ne3+ 33. Kh2 Qb3 34. a4 Qxb2 35. Ra3 c4 36. Rxe3 dxe3 37. Qxe3 g6 38. Nc3 Qb8 39. Qd4 Re8 40. Kg2 Qb7+ 41. Kh2 Qc6 42. h4 h5 43. e4 Qc7 44. Nd5 Qe5 45. Qxc4 Kg7 46. Qc3 Qxc3 47. Nxc3 Rc8 48. Nd1 Rc2+ 49. Kh3 Re2 50. Nc3 Re3 51. Nd5 Rxe4 52. Nb6 Re2 53. Nd7 Ra2 54. Nc5 Kh6 55. Nd7 Rxa4 56. Ne5 f6 57. Nd7 Kg7 58. Nc5 Ra2 59. Ne6+ Kh6 60. Nf4 g5 61. hxg5+ fxg5 62. Ng2 Kg6 63. Kh2 Kf5 64. Kh3 Ke4 65. g4 h4 66. Kh2 Rxg2+ 67. Kxg2 Kf4 68. Kh3 Kf3 69. Kh2 Kxg4 70. Kg2 Kf4 71. Kh3 g4+ 72. Kg2 Ke3 73. Kg1 Kf3 74. Kf1 g3 75. Kg1 g2 0-1

[Event "Titled Tuesday intern op 19th Sep Early"]
[Site "Chess.com INT"]
[Date "2023.09.19"]
[Round "1"]
[White "Enkhtuul, Altanulzii"]
[Black "Kuzhilniy, Oleksandr"]
[Result "1-0"]
[WhiteElo "2231"]
[BlackElo "2260"]
[PlyCount "109"]
[EventDate "2023.09.19"]
[EventType "swiss (blitz)"]
[EventRounds "11"]
[EventCountry "USA"]
[SourceTitle "EXT 2024"]
[Source "ChessBase"]
[SourceDate "2023.10.10"]
[SourceVersion "1"]
[SourceVersionDate "2023.10.10"]
[SourceQuality "1"]

1. d4 g6 2. Nf3 Bg7 3. g3 Nf6 4. Bg2 c5 5. 0-0 cxd4 6. Nxd4 h5 7. h4 Nc6 8. e4 0-0 9. Nxc6 dxc6 10. Qe2 Bg4 11. f3 Be6 12. Rd1 Qb6+ 13. Qf2 Rfd8 14. Nc3 Nd7 15. Na4 Qa5 16. Nc3 Bxc3 17. bxc3 Qxc3 18. Be3 Nb6 19. Bd4 Qa5 20. Qe3 Bc4 21. Qh6 e5 22. Be3 Qa3 23. Bg5 Rxd1+ 24. Rxd1 Qf8 25. Qxf8+ Kxf8 26. a3 Be6 27. Bf1 Nd7 28. Be3 Ke8 29. Rb1 b6 30. Ba6 Kd8 31. Bb7 Rb8 32. Bxc6 Kc7 33. Bb5 Nc5 34. a4 Bd7 35. Bxd7 Nxd7 36. Kf2 Kc6 37. c4 f6 38. Ke2 a5 39. Rb5 Rd8 40. Rd5 Re8 41. Kd3 Re6 42. Kc3 Rd6 43. f4 exf4 44. gxf4 Re6 45. Kd3 Nb8 46. Rb5 Nd7 47. Bd4 Rd6 48. Rd5 Re6 49. f5 gxf5 50. Rxf5 Ne5+ 51. Bxe5 Rxe5 52. Rxf6+ Kc5 53. Rg6 Re7 54. Kc3 Re6 55. Rxe6 1-0

[Event "Titled Tuesday intern op 19th Sep Early"]
[Site "Chess.com INT"]
[Date "2023.09.19"]
[Round "7"]
[White "Enkhtuul, Altanulzii"]
[Black "Stijve, Theo"]
[Result "1-0"]
[WhiteElo "2231"]
[BlackElo "2337"]
[PlyCount "93"]
[EventDate "2023.09.19"]
[EventType "swiss (blitz)"]
[EventRounds "11"]
[EventCountry "USA"]
[SourceTitle "EXT 2024"]
[Source "ChessBase"]
[SourceDate "2023.10.10"]
[SourceVersion "1"]
[SourceVersionDate "2023.10.10"]
[SourceQuality "1"]

1. d4 d5 2. Nf3 Nf6 3. g3 g6 4. Bg2 Bg7 5. 0-0 0-0 6. c4 c6 7. Qb3 a5 8. Nc3 a4 9. Nxa4 dxc4 10. Qd1 b5 11. Nc5 Nbd7 12. Nxd7 Bxd7 13. Ne5 Nd5 14. e4 Nb6 15. Be3 Qc7 16. Nxd7 Nxd7 17. Qc2 Rfd8 18. b3 c5 19. e5 cxb3 20. axb3 Rxa1 21. Rxa1 c4 22. bxc4 bxc4 23. Rc1 Nb6 24. f4 e6 25. h3 Bf8 26. Kh2 Rc8 27. h4 h5 28. Be4 Nd5 29. Bxd5 exd5 30. f5 Qb6 31. Rb1 Qa6 32. e6 fxe6 33. fxg6 Bg7 34. Rf1 Qa3 35. Qe2 Rf8 36. Rxf8+ Kxf8 37. Qf3+ Kg8 38. Qf4 c3 39. Qf7+ Kh8 40. Bh6 Qf8 41. Qxf8+ Bxf8 42. Bxf8 e5 43. dxe5 d4 44. e6 d3 45. e7 d2 46. e8Q d1Q 47. Bh6# 1-0

[Event "Titled Tuesday intern op 19th Sep Early"]
[Site "Chess.com INT"]
[Date "2023.09.19"]
[Round "10"]
[White "Golubev, Mikhail"]
[Black "Enkhtuul, Altanulzii"]
[Result "1-0"]
[WhiteElo "2461"]
[BlackElo "2231"]
[PlyCount "129"]
[EventDate "2023.09.19"]
[EventType "swiss (blitz)"]
[EventRounds "11"]
[EventCountry "USA"]
[SourceTitle "EXT 2024"]
[Source "ChessBase"]
[SourceDate "2023.10.10"]
[SourceVersion "1"]
[SourceVersionDate "2023.10.10"]
[SourceQuality "1"]

1. e4 c6 2. d3 d5 3. Nd2 e5 4. Ngf3 Nd7 5. Be2 Ngf6 6. 0-0 Bd6 7. Re1 0-0 8. h3 Re8 9. c3 Nf8 10. a4 Ng6 11. Bf1 Nf4 12. Kh2 h6 13. g3 Ng6 14. Bg2 Be6 15. Qc2 Rc8 16. a5 Bc7 17. b4 a6 18. Bb2 Bb8 19. Rad1 Nh5 20. Nb3 Bd6 21. Nc5 Bxc5 22. bxc5 Qxa5 23. d4 dxe4 24. Nxe5 Nxe5 25. dxe5 Qxc5 26. Bxe4 Bb3 27. Qxb3 Qxf2+ 28. Bg2 Qxg3+ 29. Kh1 Nf4 30. Qc2 Nxh3 31. Rf1 Rxe5 32. Rd3 Nf2+ 33. Rxf2 Re1+ 34. Rf1 Qh4+ 35. Kg1 Rce8 36. Rdf3 Rxf1+ 37. Rxf1 Qg5 38. Qf2 Qg6 39. Kh1 Re6 40. c4 Rf6 41. Bxf6 gxf6 42. Qxf6 Qg5 43. Qxg5+ hxg5 44. Rf5 Kg7 45. Rxg5+ Kf6 46. Rg3 Ke5 47. Rd3 f5 48. c5 a5 49. Rd7 f4 50. Rxb7 Kd4 51. Rc7 Kxc5 52. Rxc6+ Kb4 53. Rf6 a4 54. Rxf4+ Kb3 55. Bd5+ Ka3 56. Bc6 Kb2 57. Bxa4 Kc3 58. Kg2 Kd3 59. Kf3 Kd2 60. Re4 Kc3 61. Ke3 Kb2 62. Kd2 Ka3 63. Kc2 Ka2 64. Be8 Ka3 65. Ra4# 1-0

[Event "Titled Tuesday intern op 05th Sep Early"]
[Site "Chess.com INT"]
[Date "2023.09.05"]
[Round "5"]
[White "Enkhtuul, Altanulzii"]
[Black "Gulamirian, Korun"]
[Result "1-0"]
[WhiteElo "2231"]
[BlackElo "1816"]
[PlyCount "89"]
[EventDate "2023.09.05"]
[EventType "swiss (blitz)"]
[EventRounds "11"]
[EventCountry "USA"]
[SourceTitle "EXT 2024"]
[Source "ChessBase"]
[SourceDate "2023.10.10"]
[SourceVersion "1"]
[SourceVersionDate "2023.10.10"]
[SourceQuality "1"]

1. d4 Nf6 2. Nf3 d5 3. g3 c6 4. Bg2 e6 5. 0-0 Bd6 6. Nbd2 h5 7. c4 h4 8. Qc2 hxg3 9. hxg3 Nh5 10. e4 Bxg3 11. fxg3 Nxg3 12. exd5 Nxf1 13. Nxf1 exd5 14. cxd5 Qxd5 15. Qe2+ Be6 16. Be3 Qh5 17. Bf4 Nd7 18. b4 Nf6 19. Ng3 Qd5 20. a4 Nh5 21. Nxh5 Qxh5 22. b5 Qg4 23. Be5 0-0 24. bxc6 bxc6 25. Re1 Bd5 26. Bd6 Rfe8 27. Qf2 Rxe1+ 28. Nxe1 Re8 29. Bg3 Bxg2 30. Nxg2 Re6 31. Nf4 Rd6 32. Kg2 Rh6 33. Qf3 Qd7 34. Qe4 Rf6 35. Nd3 Rh6 36. Nf4 Qb7 37. Qe8+ Kh7 38. Qxf7 c5+ 39. Qxb7 cxd4 40. Qe4+ Kh8 41. Ng6+ Kg8 42. Ne7+ Kf8 43. Nf5 Rf6 44. Qe7+ Kg8 45. Qxg7# 1-0

[Event "Thailand op"]
[Site "Chiangmai"]
[Date "2023.07.03"]
[Round "8"]
[White "Kamalsyah, Muhammad"]
[Black "Enkhtuul, Altanulzii"]
[Result "1-0"]
[WhiteElo "2188"]
[BlackElo "2262"]
[PlyCount "153"]
[EventDate "2023.06.28"]
[EventType "swiss"]
[EventRounds "9"]
[EventCountry "THA"]
[SourceTitle "CBM 215 Extra"]
[Source "ChessBase"]
[SourceDate "2023.09.30"]
[SourceVersion "1"]
[SourceVersionDate "2023.09.30"]
[SourceQuality "1"]

1. e4 c6 2. d4 d5 3. exd5 cxd5 4. c4 Nf6 5. Nc3 Nc6 6. Bg5 Qa5 7. Bxf6 exf6 8. cxd5 Bb4 9. Qf3 Ne7 10. Bc4 Bg4 11. Qxg4 Bxc3+ 12. Kf1 0-0 13. d6 Nc6 14. Ne2 Bxb2 15. Rb1 Qd2 16. Bb3 Rad8 17. Rd1 Qg5 18. Qe4 Rxd6 19. d5 Rfd8 20. Rb1 Qd2 21. Qe3 Rxd5 22. Bxd5 Qxd5 23. Qb3 Qd7 24. g4 Be5 25. Qf3 Bd6 26. Qf5 Qe7 27. Nc3 Be5 28. Ne2 Qa3 29. Kg2 Qxa2 30. Qf3 Rd2 31. Rhe1 Qa6 32. Rbd1 Qa5 33. Rxd2 Qxd2 34. Rb1 Qd7 35. Rb5 g6 36. h3 b6 37. Rd5 Qc7 38. Qd3 Nb4 39. Rd8+ Kg7 40. Qd7 Qc4 41. Ng1 a5 42. Nf3 Qe6 43. Qxe6 fxe6 44. Rd7+ Kg8 45. Nxe5 fxe5 46. Kf3 a4 47. Ra7 b5 48. Ke4 Nc2 49. Rc7 Na3 50. Kxe5 Kf8 51. Kf6 Ke8 52. Kxe6 Kd8 53. Rxh7 Nc2 54. Kd6 Ke8 55. Kc5 a3 56. Ra7 b4 57. Kc4 Kf8 58. h4 Kg8 59. g5 Kh8 60. Ra8+ Kg7 61. Kb3 Ne1 62. Kxb4 Nd3+ 63. Kxa3 Nxf2 64. Ra7+ Kg8 65. Kb4 Nd3+ 66. Kc4 Nf4 67. Kc5 Nh5 68. Kd5 Nf4+ 69. Ke5 Nh5 70. Ke6 Kh8 71. Kf7 Kh7 72. Ra4 Ng7 73. Ra6 Nf5 74. Rxg6 Kh8 75. Rf6 Kh7 76. Rxf5 Kh8 77. Rf6 1-0

[Event "Thailand op"]
[Site "Chiangmai"]
[Date "2023.06.29"]
[Round "3"]
[White "Enkhtuul, Altanulzii"]
[Black "Ghosh, Diptayan"]
[Result "0-1"]
[WhiteElo "2262"]
[BlackElo "2565"]
[PlyCount "104"]
[EventDate "2023.06.28"]
[EventType "swiss"]
[EventRounds "9"]
[EventCountry "THA"]
[SourceTitle "CBM 215 Extra"]
[Source "ChessBase"]
[SourceDate "2023.09.30"]
[SourceVersion "1"]
[SourceVersionDate "2023.09.30"]
[SourceQuality "1"]

1. d4 d5 2. Nf3 Nf6 3. c4 c6 4. Qb3 dxc4 5. Qxc4 Bf5 6. g3 e6 7. Bg2 Be7 8. 0-0 0-0 9. e3 Nbd7 10. Rd1 Qc7 11. Nc3 e5 12. dxe5 Nxe5 13. Nxe5 Qxe5 14. e4 Be6 15. Qe2 Rfd8 16. Bf4 Qa5 17. h4 Rxd1+ 18. Rxd1 Rd8 19. Rxd8+ Qxd8 20. Bf3 Nd7 21. Bg4 Nc5 22. Be3 Qd7 23. Bxe6 Qxe6 24. Bxc5 Bxc5 25. Kg2 h6 26. b3 b5 27. Qd3 Bb6 28. Nd1 h5 29. Ne3 g6 30. f4 Qe7 31. e5 Kf8 32. Qc3 Qd7 33. a4 a6 34. axb5 cxb5 35. Qb4+ Ke8 36. Nf1 Qd5+ 37. Kh2 Qf3 38. Nd2 Qe2+ 39. Kh1 Qe1+ 40. Kg2 Be3 41. Qe4 Qxd2+ 42. Kh3 Qd7+ 43. Kg2 Bb6 44. Qa8+ Ke7 45. Qxa6 Qc6+ 46. Kf1 Qf3+ 47. Ke1 Qxg3+ 48. Ke2 Qe3+ 49. Kd1 Qxb3+ 50. Kd2 Qe3+ 51. Kc2 Qe4+ 52. Kd1 Qa4+ 0-1

[Event "UZB-ch (Women)"]
[Site "Tashkent"]
[Date "2023.03.11"]
[Round "9"]
[White "Enkhtuul, Altanulzii"]
[Black "Batsiashvili, Nino"]
[Result "0-1"]
[WhiteElo "2264"]
[BlackElo "2489"]
[PlyCount "138"]
[EventDate "2023.03.06"]
[EventType "swiss"]
[EventRounds "9"]
[EventCountry "UZB"]
[SourceTitle "CBM 213 Extra"]
[Source "ChessBase"]
[SourceDate "2023.05.31"]
[SourceVersion "1"]
[SourceVersionDate "2023.05.31"]
[SourceQuality "1"]

1. d4 Nf6 2. c4 e6 3. g3 d5 4. Bg2 Be7 5. Nf3 0-0 6. 0-0 c6 7. Nc3 a5 8. Ne5 Nfd7 9. Nxd7 Nxd7 10. cxd5 exd5 11. Qc2 Nf6 12. Bg5 h6 13. Bxf6 Bxf6 14. Rad1 Bg4 15. Rd2 Bg5 16. f4 Be7 17. h3 Bc8 18. e4 dxe4 19. Qxe4 Bb4 20. Kh2 Be6 21. f5 Bc4 22. Rff2 Bxc3 23. bxc3 Re8 24. Qf4 Qf6 25. Rb2 Re7 26. Rb6 Rd7 27. Rfb2 Re8 28. Rxb7 Rxb7 29. Rxb7 Re2 30. Kg1 Rxa2 31. h4 Bd5 32. Bf1 Ra1 33. Qb8+ Kh7 34. Rb1 Rxb1 35. Qxb1 a4 36. Qd1 a3 37. Bd3 Qd6 38. Kh2 f6 39. c4 Bf7 40. Qb3 Qxd4 41. Qxa3 Bxc4 42. Bxc4 Qxc4 43. Qf3 Kg8 44. Qf2 Qd5 45. Qe3 Kf8 46. Qf4 Qe5 47. Qf3 Qd6 48. Kh3 Qd5 49. Qf4 h5 50. Kh2 c5 51. Qb8+ Kf7 52. Qc7+ Kg8 53. Qb8+ Kh7 54. Qb1 c4 55. Kg1 Qf3 56. Kh2 Qf2+ 57. Kh3 c3 58. Qd3 c2 59. Qc4 Qxf5+ 60. Kg2 Kg6 61. Qc3 Qe4+ 62. Kf2 f5 63. Qd2 Kh7 64. Qg5 Qd4+ 65. Kg2 Qg4 66. Qd2 Qc4 67. Qc1 Qe2+ 68. Kh3 Qd1 69. Qf4 Qh1# 0-1

[Event "Titled Tuesday intern op 14th Feb Early"]
[Site "Chess.com INT"]
[Date "2023.02.14"]
[Round "7"]
[White "Enkhtuul, Altanulzii"]
[Black "Taspinar, Yanki"]
[Result "0-1"]
[WhiteElo "2264"]
[BlackElo "2262"]
[PlyCount "112"]
[EventDate "2023.02.14"]
[EventType "swiss (blitz)"]
[EventRounds "11"]
[EventCountry "USA"]
[SourceTitle "CBM 212 Extra"]
[Source "ChessBase"]
[SourceDate "2023.03.31"]
[SourceVersion "1"]
[SourceVersionDate "2023.03.31"]
[SourceQuality "1"]

1. d4 Nf6 2. Nc3 d5 3. Bf4 g6 4. e3 Bg7 5. h4 h5 6. Nf3 0-0 7. Ne5 Bf5 8. Bd3 e6 9. Bg5 c5 10. Bxf5 gxf5 11. Bxf6 Qxf6 12. Qxh5 cxd4 13. exd4 Nc6 14. Nxc6 bxc6 15. 0-0-0 c5 16. Qg5 Qxg5+ 17. hxg5 Bxd4 18. Rd3 Kg7 19. Nd1 Rh8 20. Rdh3 Rxh3 21. gxh3 Rh8 22. h4 Be5 23. Kd2 Bf4+ 24. Ke2 Kg6 25. Ne3 Bxg5 26. Rg1 Rxh4 27. Ng2 Rb4 28. b3 Kf6 29. c3 Rb8 30. f4 Bh6 31. Kf3 Rh8 32. Rh1 Bg7 33. Rxh8 Bxh8 34. Ne1 Ke7 35. c4 Kd6 36. Nd3 d4 37. a3 a5 38. Nb2 f6 39. Na4 e5 40. Nb6 Bg7 41. Nc8+ Kd7 42. Nb6+ Ke6 43. Na4 Bf8 44. Nb2 Bd6 45. fxe5 fxe5 46. Ke2 e4 47. Na4 f4 48. Nb6 f3+ 49. Kf2 Kf5 50. Nd5 Bf4 51. Ne7+ Ke5 52. Ng6+ Kf5 53. Ne7+ Kg4 54. Nd5 e3+ 55. Kf1 e2+ 56. Kf2 Bg3+ 0-1

[Event "Titled Tuesday intern op 14th Feb Early"]
[Site "Chess.com INT"]
[Date "2023.02.14"]
[Round "6"]
[White "Enkhtuul, Altanulzii"]
[Black "Yurovskich, Oleksandr"]
[Result "1-0"]
[WhiteElo "2264"]
[BlackElo "2328"]
[PlyCount "81"]
[EventDate "2023.02.14"]
[EventType "swiss (blitz)"]
[EventRounds "11"]
[EventCountry "USA"]
[SourceTitle "CBM 212 Extra"]
[Source "ChessBase"]
[SourceDate "2023.03.31"]
[SourceVersion "1"]
[SourceVersionDate "2023.03.31"]
[SourceQuality "1"]

1. d4 d5 2. Nf3 Nf6 3. g3 Bg4 4. Bg2 e6 5. 0-0 Nbd7 6. c4 c6 7. Qc2 Be7 8. Nbd2 Bf5 9. Qb3 Qb6 10. c5 Qxb3 11. axb3 h6 12. b4 a6 13. Nb3 Bd8 14. Re1 Bc7 15. Bf4 Bxf4 16. gxf4 0-0-0 17. Ne5 Nxe5 18. fxe5 Nd7 19. Rec1 Kc7 20. Nd2 f6 21. f4 g5 22. exf6 Nxf6 23. fxg5 hxg5 24. Nf3 g4 25. Ne5 Rh7 26. b5 axb5 27. Ra7 Rdh8 28. Rca1 Rxh2 29. R1a6 Be4 30. Bxe4 Nxe4 31. Nxg4 Rxe2 32. Rb6 Nd6 33. Ne5 Rd8 34. Rxc6+ Kb8 35. Rxd6 Rg8+ 36. Kf1 Rxe5 37. Rxb7+ Kxb7 38. dxe5 Rg6 39. Rb6+ Kc7 40. b4 Rg4 41. Rxb5 1-0

[Event "Wch Blitz (Women)"]
[Site "Almaty"]
[Date "2022.12.30"]
[Round "11"]
[White "Balajayeva, Khanim Asad Qizi"]
[Black "Enkhtuul, Altanulzii"]
[Result "0-1"]
[WhiteElo "2284"]
[BlackElo "2139"]
[PlyCount "122"]
[EventDate "2022.12.29"]
[EventType "swiss (blitz)"]
[EventRounds "17"]
[EventCountry "KAZ"]
[SourceTitle "CBM 211 Extra"]
[Source "ChessBase"]
[SourceDate "2023.01.31"]
[SourceVersion "1"]
[SourceVersionDate "2023.01.31"]
[SourceQuality "1"]

1. e4 Nf6 2. e5 Nd5 3. d4 d6 4. c4 Nb6 5. exd6 exd6 6. Nc3 Be7 7. Bd3 Nc6 8. Nge2 Bg4 9. f3 Bh5 10. Be3 0-0 11. Nf4 Bg6 12. Nxg6 fxg6 13. 0-0 Kh8 14. b3 Bf6 15. Be4 Qe7 16. Qd2 Rae8 17. Rfe1 Qd8 18. a4 Na5 19. Bc2 Nc6 20. a5 Nc8 21. Be4 Bh4 22. Reb1 a6 23. b4 N8e7 24. b5 axb5 25. cxb5 Na7 26. Bxb7 Nf5 27. Bf2 Bg5 28. Qc2 Be3 29. Be4 Nxd4 30. Qb2 Bxf2+ 31. Qxf2 Naxb5 32. Nxb5 Nxb5 33. Rxb5 Rxe4 34. a6 Qf6 35. Rbb1 Ree8 36. a7 Ra8 37. Qc2 Qd4+ 38. Kh1 Rxa7 39. Rxa7 Qxa7 40. h3 c5 41. Rd1 Qe7 42. Qd3 Rd8 43. Qd5 h6 44. Qc6 Qf6 45. Rd5 Qa1+ 46. Kh2 Qf6 47. Kh1 Qf4 48. Qc7 Re8 49. Rd1 Qg3 50. Qf7 Re1+ 51. Rxe1 Qxe1+ 52. Kh2 Qe5+ 53. Kg1 Qf6 54. Qe8+ Kh7 55. Qc6 Qd4+ 56. Kf1 c4 57. h4 h5 58. g4 hxg4 59. fxg4 Qxg4 60. Qxd6 c3 61. Qd3 Qf5+ 0-1